Riconosci il Pokémon - Quiz n°135 - Statistics

Statistiche generali
  • Questo quiz è stato fatto 2 volte
  • Il punteggio medio è 10 su 10
Statistiche sulle risposte
Indizio Risposta % Corretto
Altezza 1,2 m
100%
Peso 38,0 kg
100%
Sesso 50% ♂, 50% ♀
100%
Tasso di cattura 65 (15.7%)
100%
Tasso di allevamento Medio-Veloce
100%
Stadio evoluzione Prima evoluzione
100%
Tipo Roccia
100%
Generazione Seconda
100%
Abilità Vigore; Testadura; Paura
100%
Pokémon Sudowoodo
50%
Nessun quiz corrispondente trovato
Distribuzione punteggi
Percentuale di utenti per punteggio
Percentile per numero di risposta
I tuoi punteggi nel tempo
Non hai fatto questo quiz